| 000 | 01395nam a2200361Ia 4500 | ||
|---|---|---|---|
| 001 | ebr10251032 | ||
| 003 | CaPaEBR | ||
| 006 | m u | ||
| 007 | cr cn||||||||| | ||
| 008 | 080124s2008 at a s 000 0 eng d | ||
| 010 | _z 2008921609 | ||
| 020 | _z159863481X | ||
| 020 | _z9781598634815 | ||
| 040 |
_aCaPaEBR _cCaPaEBR |
||
| 035 | _a(OCoLC)503445438 | ||
| 050 | 1 | 4 |
_aTK5105.888 _b.L433 2008eb |
| 082 | 0 | 4 |
_a006.7/4 _222 |
| 100 | 1 | _aLecky-Thompson, Guy W. | |
| 245 | 1 | 0 |
_aJust enough Web programming with XHTML, PHP, and MYSQL _h[electronic resource] / _cGuy W. Lecky-Thompson. |
| 246 | 3 | 0 | _aWeb programming with XHTML, PHP, and MYSQL |
| 260 |
_aAustralia ; _aBoston : _bCengage Learning, Course Technology PTR, _c2008. |
||
| 300 |
_axiii, 432 p. : _bill. |
||
| 490 | 1 | _aJust enough series | |
| 533 |
_aElectronic reproduction. _bPalo Alto, Calif. : _cebrary, _d2009. _nAvailable via World Wide Web. _nAccess may be limited to ebrary affiliated libraries. |
||
| 630 | 0 | 0 | _aMySQL (Electronic resource) |
| 650 | 0 | _aWeb site development. | |
| 650 | 0 | _aXHTML (Document markup language) | |
| 650 | 0 | _aPHP (Computer program language) | |
| 655 | 7 |
_aElectronic books. _2local |
|
| 710 | 2 | _aebrary, Inc. | |
| 830 | 0 | _aJust enough series. | |
| 856 | 4 | 0 |
_uhttp://site.ebrary.com/lib/rucke/Doc?id=10251032 _zAn electronic book accessible through the World Wide Web; click to view |
| 999 |
_c35800 _d35800 |
||